Catálogo público

Flora novo-galiciana : A descriptive account of the vascular plants of western mexico / (Record no. 164215)

MARC details
000 -CABECERA
campo de control de longitud fija 01340nam a2200337Ia 4500
001 - NÚMERO DE CONTROL
campo de control Z_1134
003 - IDENTIFICADOR DEL NÚMERO DE CONTROL
campo de control CHAP
008 - DATOS DE LONGITUD FIJA--INFORMACIÓN GENERAL
campo de control de longitud fija 220113s9999 xx 000 0 und d
010 ## - NÚMERO DE CONTROL DE LA BIBLIOTECA DEL CONGRESO
Número de control de LC 164215
040 ## - FUENTE DE LA CATALOGACIÓN
Centro/agencia transcriptor CHAP
082 ## - NÚMERO DE LA CLASIFICACIÓN DECIMAL DEWEY
Número de clasificación C 581.973 M38
100 ## - ENTRADA PRINCIPAL--NOMBRE DE PERSONA
Nombre de persona McVaugh, Rogers, 1909-2009
9 (RLIN) 138297
240 ## - TÍTULO UNIFORME
Título uniforme Flora novo-galiciana
245 ## - MENCIÓN DE TÍTULO
Título Flora novo-galiciana : A descriptive account of the vascular plants of western mexico /
Mención de responsabilidad, etc. Rogers Mcvaugh ; edición general William R. Anderson
260 ## - PUBLICACIÓN, DISTRIBUCIÓN, ETC.
Lugar de publicación, distribución, etc. Estados Unidos de América :
Nombre del editor, distribuidor, etc. University of Michigan Press,
Fecha de publicación, distribución, etc.
300 ## - DESCRIPCIÓN FÍSICA
Extensión volúmenes
500 ## - NOTA GENERAL
Nota general La biblioteca cuenta con: v.5 Leguminosae -- v.12 Compositae. -- v.14 Gramineae. --
503 ## - NOTA DE HISTORIA BIBLIOGRÁFICA (BK CF MU) [OBSOLETO]
Nota de historia bibliográfica ej.1 v.5: 153552 \ ej.2 v.5: fotocopias \ ej.3 v.5: E/C fotocopias (Reposición) \ ej.1 v.12: 153553 \ ej.2 v.12: fotocopias \ ej.3 v.12: fotocopias \ ej.1 v.14: 153554 \ ej.2 v.14: fotocopias
504 ## - NOTA DE BIBLIOGRAFÍA, ETC.
Nota de bibliografía, etc. Incluye índice
650 ## - PUNTO DE ACCESO ADICIONAL DE MATERIA--TÉRMINO DE MATERIA
Término de materia o nombre geográfico como elemento de entrada Botánica
Subdivisión general
-- Mexico
--
-- Clasificacion
--
-- Colecciones
9 (RLIN) 138298
650 ## - PUNTO DE ACCESO ADICIONAL DE MATERIA--TÉRMINO DE MATERIA
Término de materia o nombre geográfico como elemento de entrada Gramineas
Subdivisión general
-- Botánica
--
-- México
9 (RLIN) 138299
650 ## - PUNTO DE ACCESO ADICIONAL DE MATERIA--TÉRMINO DE MATERIA
Término de materia o nombre geográfico como elemento de entrada Leguminosas
Subdivisión general
-- México
9 (RLIN) 138300
650 ## - PUNTO DE ACCESO ADICIONAL DE MATERIA--TÉRMINO DE MATERIA
Término de materia o nombre geográfico como elemento de entrada Tracheophyta
Subdivisión general
-- México
9 (RLIN) 138301
700 ## - PUNTO DE ACCESO ADICIONAL--NOMBRE DE PERSONA
Nombre de persona Anderson, William R., ed.
9 (RLIN) 138302
901 ## - ELEMENTOS DE DATOS A LOCAL LDA (RLIN)
a C 581.973 M38
902 ## - ELEMENTOS DE DATOS B LOCAL, LDB (RLIN)
a M
910 ## - DATOS DE OPCIÓN DEL USUARIO (OCLC)
Datos de opción del usuario
942 ## - ELEMENTOS DE PUNTO DE ACCESO ADICIONAL (KOHA)
Tipo de ítem Koha Libro_
942 ## - ELEMENTOS DE PUNTO DE ACCESO ADICIONAL (KOHA)
Tipo de ítem Koha
Holdings
Estado de retiro Estado de pérdida Fuente del sistema de clasificación o colocación Estado dañado No para préstamo Código de colección Localización permanente Ubicación/localización actual Ubicación en estantería Fecha de adquisición Enumeración/cronología de publicación seriada Código de barras Fecha visto por última vez Número de copia Precio válido a partir de Tipo de ítem Koha
    Dewey Decimal Classification     General Zootecnia Zootecnia   19/02/2008 Volumen: 5 z_5477 18/01/2022 1 18/01/2022 Libro
    Dewey Decimal Classification     General Zootecnia Zootecnia   25/02/2008 Volumen: 5 z_5483 18/01/2022 2 18/01/2022 Libro
    Dewey Decimal Classification     General Zootecnia Zootecnia   25/02/2008 Volumen: 5 z_5484 18/01/2022 3 18/01/2022 Libro
    Dewey Decimal Classification     General Zootecnia Zootecnia   25/02/2008 Volumen: 12 z_5485 18/01/2022 1 18/01/2022 Libro
    Dewey Decimal Classification     General Zootecnia Zootecnia   05/08/2014 Volumen: 12 z_6273 18/01/2022 2 18/01/2022 Libro
    Dewey Decimal Classification     General Zootecnia Zootecnia   05/08/2014 Volumen: 12 z_6274 18/01/2022 3 18/01/2022 Libro
    Dewey Decimal Classification     General Zootecnia Zootecnia   05/08/2014 Volumen: 14 z_6275 18/01/2022 1 18/01/2022 Libro
    Dewey Decimal Classification     General Zootecnia Zootecnia   05/08/2014 Volumen: 14 z_6276 18/01/2022 2 18/01/2022 Libro